<?xml version="1.0" encoding="UTF-8"?>
<record
    xmlns:xsi="http://www.w3.org/2001/XMLSchema-instance"
    xsi:schemaLocation="http://www.loc.gov/MARC21/slim http://www.loc.gov/standards/marcxml/schema/MARC21slim.xsd"
    xmlns="http://www.loc.gov/MARC21/slim">

  <leader>00344nam a22001217a 4500</leader>
  <datafield tag="999" ind1=" " ind2=" ">
    <subfield code="c">1958</subfield>
    <subfield code="d">1958</subfield>
  </datafield>
  <controlfield tag="008">200207b           ||||| |||| 00| 0 eng d</controlfield>
  <datafield tag="110" ind1=" " ind2=" ">
    <subfield code="9">1558</subfield>
    <subfield code="a">Nautical Institute</subfield>
  </datafield>
  <datafield tag="245" ind1="1" ind2="0">
    <subfield code="a">Maritime education and training</subfield>
  </datafield>
  <datafield tag="260" ind1=" " ind2=" ">
    <subfield code="a">England</subfield>
    <subfield code="b">Nautical Institute</subfield>
    <subfield code="c">1997</subfield>
  </datafield>
  <datafield tag="300" ind1=" " ind2=" ">
    <subfield code="a">332p.</subfield>
  </datafield>
  <datafield tag="650" ind1=" " ind2="0">
    <subfield code="a">Naval Architecture</subfield>
  </datafield>
  <datafield tag="942" ind1=" " ind2=" ">
    <subfield code="c">BK</subfield>
  </datafield>
  <datafield tag="952" ind1=" " ind2=" ">
    <subfield code="0">0</subfield>
    <subfield code="1">0</subfield>
    <subfield code="2">ddc</subfield>
    <subfield code="4">0</subfield>
    <subfield code="6">623_810000000000000_N27759</subfield>
    <subfield code="7">0</subfield>
    <subfield code="9">5113</subfield>
    <subfield code="a">CL</subfield>
    <subfield code="b">CL</subfield>
    <subfield code="d">2000-08-16</subfield>
    <subfield code="e">Jyoti, the Book People</subfield>
    <subfield code="o">623.81 N27759</subfield>
    <subfield code="p">09286</subfield>
    <subfield code="r">2020-02-07</subfield>
    <subfield code="v">5210.71</subfield>
    <subfield code="y">BK</subfield>
  </datafield>
  <datafield tag="952" ind1=" " ind2=" ">
    <subfield code="0">0</subfield>
    <subfield code="1">0</subfield>
    <subfield code="2">ddc</subfield>
    <subfield code="4">0</subfield>
    <subfield code="6">623_810000000000000_N27759</subfield>
    <subfield code="7">0</subfield>
    <subfield code="9">5247</subfield>
    <subfield code="a">CL</subfield>
    <subfield code="b">CL</subfield>
    <subfield code="d">2002-09-10</subfield>
    <subfield code="e">Sterling Book House</subfield>
    <subfield code="o">623.81 N27759</subfield>
    <subfield code="p">09404</subfield>
    <subfield code="r">2020-02-11</subfield>
    <subfield code="v">5357.28</subfield>
    <subfield code="y">BK</subfield>
  </datafield>
</record>
